| 000 | 00556nam a2200217Ia 4500 | ||
|---|---|---|---|
| 003 | OSt | ||
| 005 | 20230428094527.0 | ||
| 008 | 210423s2011 xx 000 0 und d | ||
| 020 | _a9780143417712 | ||
| 040 | _cAL | ||
| 041 | _aeng | ||
| 082 |
_a823 _223 _b CHAU |
||
| 100 |
_aCHATTERJEE (Upamanyu);BENEGAL (Dev) _994510 |
||
| 245 | _aEnglish august: screenplay | ||
| 260 |
_bPenguin Books Ltd _c2011 |
||
| 300 |
_a117 _bPB |
||
| 365 |
_b250 _cINR |
||
| 650 |
_aEnglish Fiction _994511 |
||
| 906 | _aaugust: ; English ; screenplay | ||
| 942 |
_2ddc _cBK |
||
| 999 |
_c161246 _d161246 |
||